Statistics for Occupations: A-Z #1

Click here to take the quiz!

General Stats

  • This quiz has been taken 103 times
  • The average score is 17 of 26

Answer Stats

Answer% Correct
DSpecializes in the tooth and gumDentist
96%
NCares for the sickNurse
90%
PTakes picturesPhotographer
89%
APrepares financial recordsAccountant
88%
GHired to look after people's gardensGardener
88%
CDoctor specializing in the heartCardiologist
82%
HCuts and styles hairHairdresser
81%
JProfessional horse riderJockey
81%
RUphold the rules in a sports gameReferee
77%
WServes food and beverages in a restaurantWaiter
77%
FPlays the fluteFlutist
75%
ZStudies the animal kingdomZoologist
70%
LOwns and leases apartments to other peopleLandlord
68%
TAn instructor hired outside of regular school hoursTutor
68%
QPopular football positionQuarterback
66%
BStudies plantsBotanist
63%
EPractioniner in the social science of economicsEconomist
63%
MElected leader in a municipal governmentMayor
55%
VTakes care of animalsVeterinarian
48%
YTraditional Swiss singerYodeler
45%
OTechnicians that create devices to correct eyesightOptician
41%
SProtect a person from potential dangerSecurity guard
38%
UAlso known as a funeral directorUndertaker
38%
XPlays a tuned percussion instrumentXylophonist
37%
ICarries out formal inquiriesInvestigator
29%
KInstructor of a form of Japanese martial artsKarate teacher
16%

Score Distribution

Percentile by Number Answered

Percent of People with Each Score

Your Score History

You have not taken this quiz